| 000 | 00563nam a2200193Ia 4500 | ||
|---|---|---|---|
| 005 | 20250508163436.0 | ||
| 008 | 008 250505s9999 xx 000 0 eng d | ||
| 037 | _aDissertations | ||
| 040 |
_aFEDL _beng _cFEDL |
||
| 041 |
_aeng _2eng |
||
| 084 |
_a375.65, VIN/DI _qFEDL |
||
| 100 | _aVinita | ||
| 245 | 0 | _aComparative study of syllabi of accounting prescribed by CBSE and Open School | |
| 260 | _c1990 | ||
| 300 | _a56p. | ||
| 546 | _aM.Ed. Dissertation (Delhi University) | ||
| 942 |
_cDIS _h375.65, VIN/DI |
||
| 999 |
_c1383261 _d1383261 |
||